NLSUI OPAC header image

Visual c ++ 5 : The complete reference (Record no. 11733)

MARC details
000 -LEADER
fixed length control field 00433nam a2200157Ia 4500
008 - FIXED-LENGTH DATA ELEMENTS--GENERAL INFORMATION
fixed length control field 160316s1997 xxu||||| |||| 00| 0 eng d
082 ## - DEWEY DECIMAL CLASSIFICATION NUMBER
Classification number 1.642400
Item number PAP
100 ## - MAIN ENTRY--PERSONAL NAME
Personal name Pappas Chris H
245 ## - TITLE STATEMENT
Title Visual c ++ 5 : The complete reference
250 ## - EDITION STATEMENT
Edition statement
260 ## - PUBLICATION, DISTRIBUTION, ETC.
Place of publication, distribution, etc. New Delhi
Name of publisher, distributor, etc. Tata Mc-Graw Hill Co.
Date of publication, distribution, etc. 1997
300 ## - PHYSICAL DESCRIPTION
Extent 967p
Other physical details
Dimensions
365 ## - TRADE PRICE
Price amount 350/-
650 ## - SUBJECT ADDED ENTRY--TOPICAL TERM
Topical term or geographic name entry element 1. Computer Programmes - Visual c ++ 5
700 ## - ADDED ENTRY--PERSONAL NAME
Personal name Murray William
--
Holdings
Withdrawn status Lost status Damaged status Not for loan Home library Current library Shelving location Date acquired Cost, normal purchase price Total Checkouts Full call number Barcode Date last seen Price effective from Koha item type
        . . NAB Compactor 30.05.2017 350.00   1.6424 PAP 12032 30.05.2017 30.05.2017 BOOKs